00385nam a2200145Ia 4500008004100000020001800041041001200059082001900071100003500090245003100125250001200156260003100168300001200199650002800211240404s9999 xx 000 0 und d a9788131253809 aEnglish a340.59  MAH;6 aMahmood, Tahir. Mahmood, Saif. 0aIntroduction to Muslim law a2nd ed. c2018bLexis NexisaHaryana axi, 244 aMuslim,law,India,abroad